|
|
|
|
| LEADER |
01614nam a2200397Ia 4500 |
| 001 |
EBC3014479 |
| 003 |
MiAaPQ |
| 005 |
20200520144314.0 |
| 006 |
m o d | |
| 007 |
cr cn||||||||| |
| 008 |
070516s2006 dcud sb i000 0 eng d |
| 035 |
|
|
|a (MiAaPQ)EBC3014479
|
| 035 |
|
|
|a (Au-PeEL)EBL3014479
|
| 035 |
|
|
|a (CaPaEBR)ebr10380858
|
| 035 |
|
|
|a (CaONFJC)MIL382764
|
| 035 |
|
|
|a (OCoLC)805508084
|
| 040 |
|
|
|a MiAaPQ
|c MiAaPQ
|d MiAaPQ
|
| 050 |
|
4 |
|a HD30.22
|b .G76 2006
|
| 100 |
1 |
|
|a Groome, W. Todd.
|
| 245 |
1 |
4 |
|a The limits of market-based risk transfer and implications for managing systemic risks
|h [electronic resource] /
|c Todd Groome ... [et al.].
|
| 260 |
|
|
|a [Washington, D.C.] :
|b International Monetary Fund, International Capital Markets Dept.,
|c 2006.
|
| 300 |
|
|
|a 48 p. :
|b graph.
|
| 490 |
1 |
|
|a IMF working paper ;
|v WP/06/217
|
| 500 |
|
|
|a "September 2006".
|
| 504 |
|
|
|a Includes bibliographical references.
|
| 533 |
|
|
|a Electronic reproduction. Ann Arbor, MI : ProQuest, 2015. Available via World Wide Web. Access may be limited to ProQuest affiliated libraries.
|
| 650 |
|
0 |
|a Finance
|x Risk management.
|
| 650 |
|
0 |
|a Financial institutions
|x Risk management.
|
| 650 |
|
0 |
|a Insurance
|x State supervision.
|
| 650 |
|
0 |
|a Risk management
|x Government policy.
|
| 655 |
|
4 |
|a Electronic books.
|
| 700 |
1 |
|
|a Groome, W. Todd.
|
| 710 |
2 |
|
|a International Monetary Fund.
|b International Capital Markets Dept.
|
| 710 |
2 |
|
|a ProQuest (Firm)
|
| 830 |
|
0 |
|a IMF working paper ;
|v WP/06/217.
|
| 856 |
4 |
0 |
|u https://ebookcentral.proquest.com/lib/matrademy/detail.action?docID=3014479
|z Click to View
|